[Event "Stay Safe Play From Home 318"]
[Site "Emanuel Lasker Arena"]
[Date "2020.07.20"]
[Round "3"]
[White "Dukic"]
[Black "Klausen"]
[Result "0-1"]
[WhiteElo "1910"]
[BlackElo "2034"]
[Annotator "TA"]
[PlyCount "88"]
[EventDate "2020.07.20"]
[EventType "swiss (blitz)"]

{[%evp 9,88,8,53,0,11,13,18,12,73,76,107,9,44,-3,20,24,33,0,24,0,54,6,90,22,151,0,0,0,0,0,23,-68,-68,-82,-66,-65,-32,-68,-52,-60,-31,-57,47,47,47,47,47,47,47,47,61,47,47,47,82,82,179,116,152,152,152,0,0,0,158,0,0,0,243,125,460,441,425,221,1058,1160,1134,1104,927,657,616]} 1. d4 e6 2. c4 Bb4+ 3. Nc3 Bxc3+ 4. bxc3 f5 {[#]} 5. f3 $146 ({Predecessor:} 5. g4 d6 6. gxf5 exf5 7. Nh3 Nf6 8. Rg1 Qe7 9. Bg5 h6 10. Bxf6 Qxf6 11. Nf4 g5 12. Nd5 Qf7 {1-0 (29) Dreev,A (2655)-Kurajica,B (2555) Solin 2006}) 5... Nf6 6. Qc2 {A40: Unusual replies to 1 d4.} (6. e4 $14) 6... d6 7. e4 fxe4 8. fxe4 {The position is equal.} Nbd7 (8... e5 $11 {keeps the balance.}) 9. Nf3 e5 {[#]} 10. Bg5 (10. c5 $1 $16 {[%mdl 512]}) 10... O-O 11. Bd3 (11. c5 $5) 11... Qe8 12. O-O b6 13. Bh4 Bb7 14. Rae1 Qh5 (14... c5 $11) 15. Bg3 (15. c5 $5) 15... Rae8 {[#]} (15... Kh8 $11 {remains equal.}) 16. Nh4 ({White should try} 16. c5 $1 $16 {[%mdl 512]}) 16... Ng4 {[#]} (16... Kh8 $11) 17. Nf3 $2 (17. Rxf8+ $1 $16 Nxf8 18. Qa4 exd4 19. Qxa7 (19. cxd4 Nf6 $16) 19... Bxe4 20. Rxe4 (20. Bxe4 Nf6 $16) 20... Rxe4 21. Bxe4) 17... Qh6 18. Qe2 c5 19. d5 {With the idea Nh4.} Ngf6 20. h3 (20. Bh4 $11) 20... Nh5 $1 $15 {[%cal Rh5g3]} 21. Bh2 Nf4 22. Bxf4 Rxf4 ({Much worse is} 22... Qxf4 $6 23. Nd4 $16) (22... exf4 {is more complex.} 23. a4 a5 24. Bc2 g5 25. Qd3 Rf7) 23. Nh2 Ref8 24. Rxf4 exf4 (24... Qxf4 {with more complications.} 25. Qe3 Qxe3+ 26. Rxe3 Bc8 27. g3 Nf6) 25. Nf3 Qf6 (25... Ne5 $15) 26. e5 $14 dxe5 27. Nxe5 Nxe5 28. Qxe5 Qxe5 29. Rxe5 {[%mdl 4096] Endgame Threatens to win with Re7. KRB-KRB} g6 30. Re7 Rf7 31. Re8+ Kg7 32. Kf2 b5 (32... Rf8 $16 33. Rxf8 Kxf8) 33. Rd8 (33. Kf3 $18) 33... bxc4 34. Bxc4 {Black must now prevent d6.} Rf8 35. Rd7+ $2 (35. Rxf8 $16 Kxf8 36. Kf3) 35... Rf7 $11 36. Rd8 $2 (36. Rxf7+ $11 Kxf7 37. Kf3) 36... Rf8 $1 $16 {[%cal Rf8d8]} 37. Rd6 $2 (37. Rxf8 $16 Kxf8 38. Kf3) 37... Rf6 $1 $11 {[%cal Rf6d6]} 38. Rd8 f3 $2 {[#]} (38... Rf8 $1 $11 39. Rxf8 Kxf8) 39. gxf3 (39. g4 $1 $18) 39... Rb6 $2 {[%mdl 8192] Black cannot hold the game after this.} (39... Rf8 $16 {is more resistant.} 40. Rxf8 Kxf8) 40. d6 $18 Bc6 41. d7 (41. Rc8 $142) 41... Bxd7 $2 (41... Kh6 42. f4 Ba4) 42. Rxd7+ {[%mdl 64] Double Attack. White is clearly winning.} Kf6 43. Rxa7 Rb2+ 44. Kg3 Rc2 {[%mdl 32768] Accuracy: White = 42%, Black = 50%. . Loss on time!?} 0-1

[Event "Stay Safe Play From Home 318"]
[Site "Emanuel Lasker Arena"]
[Date "2020.07.20"]
[Round "3"]
[White "Haris kollari 13"]
[Black "Klasman"]
[Result "1-0"]
[WhiteElo "1818"]
[BlackElo "1506"]
[Annotator "NA RC"]
[PlyCount "67"]
[EventDate "2020.07.20"]
[EventType "swiss (blitz)"]

1. e4 {[%emt 0:00:01]} f5 {[%emt 0:00:01]} 2. e5 {[%emt 0:00:01]} d6 {[%emt 0:00:01]} 3. f4 {[%emt 0:00:01]} e6 {[%emt 0:00:01]} 4. d4 {[%emt 0:00:01]} Nc6 {[%emt 0:00:05]} 5. Nf3 {[%emt 0:00:01]} d5 {[%emt 0:00:03]} 6. c4 {[%emt 0:00:02]} Bb4+ {[%emt 0:00:02]} 7. Nc3 {[%emt 0:00:01]} Nge7 {[%emt 0:00:09]} 8. Be3 {[%emt 0:00:04]} O-O {[%emt 0:00:06]} 9. a3 {[%emt 0:00:03]} Bxc3+ {[%emt 0:00:03]} 10. bxc3 {[%emt 0:00:01]} h6 {[%emt 0:00:01]} 11. Bd3 {[%emt 0:00:02]} dxc4 {[%emt 0:00:05]} 12. Bxc4 {[%emt 0:00:01]} Nd5 {[%emt 0:00:01]} 13. Bd2 {[%emt 0:00:03]} a6 {[%emt 0:00:06]} 14. Bd3 {[%emt 0:00:01]} Bd7 {[%emt 0:00:07]} 15. Rb1 {[%emt 0:00:04]} Rb8 {[%emt 0:00:02]} 16. O-O {[%emt 0:00:03]} b5 {[%emt 0:00:01]} 17. Qe2 {[%emt 0:00:03]} Nce7 {[%emt 0:00:02]} 18. a4 {[%emt 0:00:03]} c6 {[%emt 0:00:05]} 19. axb5 {[%emt 0:00:03]} axb5 {[%emt 0:00:01]} 20. Rb2 {[%emt 0:00:01]} Ng6 {[%emt 0:00:01]} 21. g3 {[%emt 0:00:02]} Ra8 {[%emt 0:00:03]} 22. Rfb1 {[%emt 0:00:02]} Qa5 {[%emt 0:00:02]} 23. c4 {[%emt 0:00:02]} Ndxf4 {[%emt 0:00:21]} 24. gxf4 {[%emt 0:00:04]} Qa3 {[%emt 0:00:08]} 25. Bb4 {[%emt 0:00:02]} Nxf4 {[%emt 0:00:20]} 26. Bxa3 {[%emt 0:00:04]} Nxe2+ {[%emt 0:00:02]} 27. Bxe2 {[%emt 0:00:01]} Rxa3 {[%emt 0:00:01]} 28. cxb5 {[%emt 0:00:01]} cxb5 {[%emt 0:00:02]} 29. Kf2 {[%emt 0:00:02]} g5 {[%emt 0:00:05]} 30. Bxb5 {[%emt 0:00:02]} Bc8 {[%emt 0:00:10]} 31. Bc4 {[%emt 0:00:05]} f4 {[%emt 0:00:02]} 32. Rb8 {[%emt 0:00:07]} g4 {[%emt 0:00:01]} 33. Nh4 {[%emt 0:00:03]} Rh3 {[%emt 0:00:14]} 34. Ng6 {[%emt 0:00:01] Time (Lag: Av=0.52s, max=0.7s)} 1-0

[Event "Stay Safe Play From Home 318"]
[Site "Emanuel Lasker Arena"]
[Date "2020.07.20"]
[Round "4"]
[White "Klausen"]
[Black "NTBT_DHS"]
[Result "1-0"]
[WhiteElo "2045"]
[BlackElo "2003"]
[Annotator "TA"]
[PlyCount "79"]
[EventDate "2020.07.20"]
[EventType "swiss (blitz)"]

{[%evp 9,78,33,59,61,66,59,56,62,59,56,83,59,112,107,206,131,139,124,151,99,105,90,98,100,93,100,102,109,143,148,220,216,264,250,265,186,196,186,296,91,91,99,86,36,36,36,36,0,0,0,8,8,8,8,8,7,23,0,65,30,30,30,549,472,1169,0,8,8,46,33,29999]} 1. Nf3 Nf6 2. d4 d5 3. c4 c6 4. e3 a6 5. Bd3 b5 6. b3 {D11: Slav Defence: 3 Nf3 sidelines and 3...Nf6 4 e3 Bg4.} Bg4 7. O-O Nbd7 8. Nbd2 {White is slightly better.} e6 9. Qc2 {is the legacy move (9.h3).} Bd6 10. h3 {[#]} h5 $146 ({Better is} 10... Bh5 $14) ({Predecessor:} 10... Bh5 11. a4 b4 12. Bb2 O-O 13. Ne5 Qc7 14. f4 Bg6 15. e4 dxe4 16. Nxe4 Bxe4 17. Bxe4 Nxe4 18. Qxe4 {½-½ (36) Matras,O (2249)-Kowalczyk,P (2343) Frydek Mistek 2017}) 11. Bb2 ({Don't play} 11. hxg4 hxg4 12. Rd1 (12. c5 Bc7 $11) 12... gxf3 $14) 11... Qc7 (11... Bxf3 $16 {was worth a try.} 12. Nxf3 O-O) 12. Rac1 ({Weaker is} 12. hxg4 hxg4 13. Rfc1 (13. Ne5 Nxe5 14. dxe5 Bxe5 $16) 13... gxf3 $14) 12... Bxf3 13. Nxf3 Qb7 14. cxd5 ({White should try} 14. Ng5) 14... cxd5 $16 15. Qc6 Qxc6 16. Rxc6 Ke7 17. Rfc1 Rhb8 18. Ne5 Bxe5 19. dxe5 Ne8 {[#]} (19... Ne4 $16 20. f3 Ng3) 20. f4 $1 $18 g6 21. Bd4 Kd8 22. a4 bxa4 23. bxa4 Rb4 (23... a5 $142 24. g4 hxg4) 24. Rxa6 $2 (24. Bxa6 $18 Nc7 25. Rxc7 Rxa6 26. Rc8+ Ke7 {[#]} 27. a5 $1 {[%mdl 512]}) 24... Rxa6 $16 25. Bxa6 {Threatens to win with Bb5.} Nc7 26. Bb5 (26. Bf1 {looks sharper.} Rxa4 27. Kf2 Na6 28. Rc6 Ra2+ 29. Kg3) 26... Nxb5 27. axb5 Rxb5 $14 {[%mdl 4096] Endgame KRB-KRN} 28. g4 hxg4 29. hxg4 Rb8 30. Kg2 Rc8 31. Rh1 Ke7 32. Kf3 Rc2 33. Rh7 Kf8 (33... Nc5 $11) 34. f5 $1 {[%cal Rf5e6]} gxf5 35. gxf5 exf5 $2 {[%mdl 8192] [#]} (35... Rc7 $11 {and Black is okay.}) 36. e6 $1 $18 {[%cal Re6d7][%mdl 512]} Nc5 (36... fxe6 $142 37. Rxd7 Ke8) 37. exf7 $2 (37. Bxc5+ $18 Rxc5 38. Rxf7+ {[%mdl 64] Double Attack} Ke8 39. Kf4) 37... Ne4 {[%csl Ge4][%cal Rc2f2]} 38. Kf4 Rf2+ 39. Ke5 {White threatens Bc3! and mate.} Ng5 $2 {[%mdl 8192]} (39... Ra2 $14) 40. Bc5# {Accuracy: White = 67%, Black = 48%.} 1-0

[Event "Stay Safe Play From Home 318"]
[Site "Emanuel Lasker Arena"]
[Date "2020.07.20"]
[Round "4"]
[White "Dukic"]
[Black "Möwe"]
[Result "1-0"]
[WhiteElo "1898"]
[BlackElo "1647"]
[Annotator "NA RC"]
[PlyCount "61"]
[EventDate "2020.07.20"]
[EventType "swiss (blitz)"]

1. c4 {[%emt 0:00:02]} c5 {[%emt 0:00:01]} 2. Nc3 {[%emt 0:00:01]} Nc6 {[%emt 0:00:02]} 3. Nf3 {[%emt 0:00:01]} e6 {[%emt 0:00:01]} 4. d4 {[%emt 0:00:01]} d5 {[%emt 0:00:01]} 5. cxd5 {[%emt 0:00:09]} exd5 {[%emt 0:00:03]} 6. dxc5 {[%emt 0:00:05]} Bxc5 {[%emt 0:00:35]} 7. Qxd5 {[%emt 0:00:04]} Be7 {[%emt 0:00:12]} 8. e3 {[%emt 0:00:13]} Nf6 {[%emt 0:00:04]} 9. Qxd8+ {[%emt 0:00:04]} Bxd8 {[%emt 0:00:05]} 10. Bb5 {[%emt 0:00:02]} Bd7 {[%emt 0:00:03]} 11. O-O {[%emt 0:00:01]} O-O {[%emt 0:00:02]} 12. Rd1 {[%emt 0:00:01]} Bg4 {[%emt 0:00:02]} 13. h3 {[%emt 0:00:05]} Bxf3 {[%emt 0:00:03]} 14. gxf3 {[%emt 0:00:01]} Ne5 {[%emt 0:00:07]} 15. f4 {[%emt 0:00:02]} Nf3+ {[%emt 0:00:24]} 16. Kg2 {[%emt 0:00:02]} Nh4+ {[%emt 0:00:02]} 17. Kg3 {[%emt 0:00:07]} Ng6 {[%emt 0:00:01]} 18. Bd2 {[%emt 0:00:16]} Bb6 {[%emt 0:00:22]} 19. Bc4 {[%emt 0:00:04]} Rac8 {[%emt 0:00:05]} 20. Bb3 {[%emt 0:00:03]} Ba5 {[%emt 0:00:08]} 21. Nb5 {[%emt 0:00:11]} Ne4+ {[%emt 0:00:05]} 22. Kf3 {[%emt 0:00:04]} Nxd2+ {[%emt 0:00:02]} 23. Ke2 {[%emt 0:00:02]} Ne4 {[%emt 0:00:04]} 24. Nxa7 {[%emt 0:00:06]} Rcd8 {[%emt 0:00:08]} 25. Bd5 {[%emt 0:00:03]} Nf6 {[%emt 0:00:12]} 26. Bxb7 {[%emt 0:00:04]} Rb8 {[%emt 0:00:00]} 27. Bf3 {[%emt 0:00:12]} Rxb2+ {[%emt 0:00:00]} 28. Kf1 {[%emt 0:00:01]} Bb6 {[%emt 0:00:03]} 29. Nc6 {[%emt 0:00:02]} Re8 {[%emt 0:00:02]} 30. Rab1 {[%emt 0:00:05]} Rxb1 {[%emt 0:00:01]} 31. Rxb1 {[%emt 0:00:01] Zeit (Lag: Av=0.54s, max=1.2s)} 1-0

[Event "Stay Safe Play From Home 318"]
[Site "Emanuel Lasker Arena"]
[Date "2020.07.20"]
[Round "4"]
[White "Haris kollari 13"]
[Black "TheCHESSHOUSE"]
[Result "0-1"]
[WhiteElo "1823"]
[BlackElo "1897"]
[Annotator "NA RC"]
[PlyCount "110"]
[EventDate "2020.07.20"]
[EventType "swiss (blitz)"]

1. e4 {[%emt 0:00:01]} c5 {[%emt 0:00:01]} 2. Nf3 {[%emt 0:00:01]} d6 {[%emt 0:00:00]} 3. d4 {[%emt 0:00:01]} cxd4 {[%emt 0:00:00]} 4. Nxd4 {[%emt 0:00:00]} Nf6 {[%emt 0:00:00]} 5. Nc3 {[%emt 0:00:09]} g6 {[%emt 0:00:01]} 6. f4 {[%emt 0:00:01]} Bg7 {[%emt 0:00:01]} 7. Be3 {[%emt 0:00:01]} Nc6 {[%emt 0:00:01]} 8. Be2 {[%emt 0:00:01]} Bd7 {[%emt 0:00:03]} 9. h3 {[%emt 0:00:01]} Rc8 {[%emt 0:00:02]} 10. Qd2 {[%emt 0:00:01]} a6 {[%emt 0:00:01]} 11. Bf3 {[%emt 0:00:01]} b5 {[%emt 0:00:01]} 12. g4 {[%emt 0:00:02]} Na5 {[%emt 0:00:04]} 13. O-O-O {[%emt 0:00:04]} Nc4 {[%emt 0:00:01]} 14. Qe2 {[%emt 0:00:01]} b4 {[%emt 0:00:09]} 15. Nd5 {[%emt 0:00:05]} Nxd5 {[%emt 0:00:02]} 16. exd5 {[%emt 0:00:01]} Qa5 {[%emt 0:00:07]} 17. Kb1 {[%emt 0:00:04]} O-O {[%emt 0:00:13]} 18. Nc6 {[%emt 0:00:11]} Bxc6 {[%emt 0:00:04]} 19. dxc6 {[%emt 0:00:01]} Nxb2 {[%emt 0:00:14]} 20. Bd4 {[%emt 0:00:06]} Na4 {[%emt 0:00:01]} 21. Qc4 {[%emt 0:00:18]} Nc3+ {[%emt 0:00:06]} 22. Bxc3 {[%emt 0:00:07]} bxc3 {[%emt 0:00:00]} 23. Ka1 {[%emt 0:00:05]} Rb8 {[%emt 0:00:08]} 24. Rb1 {[%emt 0:00:01]} Qa3 {[%emt 0:00:09]} 25. Rb3 {[%emt 0:00:05]} Rxb3 {[%emt 0:00:27]} 26. Qxb3 {[%emt 0:00:01]} Qc5 {[%emt 0:00:00]} 27. Rb1 {[%emt 0:00:04]} Qe3 {[%emt 0:00:07]} 28. Bd5 {[%emt 0:00:04]} e6 {[%emt 0:00:01]} 29. Bc4 {[%emt 0:00:02]} d5 {[%emt 0:00:01]} 30. Bd3 {[%emt 0:00:01]} Qc5 {[%emt 0:00:02]} 31. Qb6 {[%emt 0:00:05]} Qd6 {[%emt 0:00:07]} 32. c7 {[%emt 0:00:02]} Qd7 {[%emt 0:00:01]} 33. Bxa6 {[%emt 0:00:04]} d4 {[%emt 0:00:10]} 34. Bb5 {[%emt 0:00:07]} Qc8 {[%emt 0:00:02]} 35. Bd3 {[%emt 0:00:03]} e5 {[%emt 0:00:03]} 36. Qb8 {[%emt 0:00:03]} Qd7 {[%emt 0:00:04]} 37. Bb5 {[%emt 0:00:14]} Qe6 {[%emt 0:00:11]} 38. f5 {[%emt 0:00:13]} gxf5 {[%emt 0:00:01]} 39. gxf5 {[%emt 0:00:01]} Qxf5 {[%emt 0:00:00]} 40. Bd3 {[%emt 0:00:01]} Qe6 {[%emt 0:00:01]} 41. Qxf8+ {[%emt 0:00:06]} Bxf8 {[%emt 0:00:00]} 42. Rb8 {[%emt 0:00:02]} e4 {[%emt 0:00:00]} 43. Bc4 {[%emt 0:00:11]} Qxc4 {[%emt 0:00:01]} 44. c8=Q {[%emt 0:00:00]} Qxc8 {[%emt 0:00:02]} 45. Rxc8 {[%emt 0:00:00]} Kg7 {[%emt 0:00:00]} 46. Rd8 {[%emt 0:00:02]} Bc5 {[%emt 0:00:01]} 47. Re8 {[%emt 0:00:01]} e3 {[%emt 0:00:01]} 48. Kb1 {[%emt 0:00:01]} Kf6 {[%emt 0:00:01]} 49. a4 {[%emt 0:00:01]} Kf5 {[%emt 0:00:01]} 50. a5 {[%emt 0:00:00]} Kf4 {[%emt 0:00:01]} 51. Kc1 {[%emt 0:00:00]} Kf3 {[%emt 0:00:00]} 52. Kd1 {[%emt 0:00:00]} f5 {[%emt 0:00:01]} 53. Ke1 {[%emt 0:00:01]} f4 {[%emt 0:00:00]} 54. a6 {[%emt 0:00:01]} d3 {[%emt 0:00:00]} 55. cxd3 {[%emt 0:00:02]} c2 {[%emt 0:00:00] Time (Lag: Av=0.60s, max=0.8s)} 0-1

[Event "Stay Safe Play From Home 318"]
[Site "Emanuel Lasker Arena"]
[Date "2020.07.20"]
[Round "4"]
[White "Cirovicz"]
[Black "Declan 1234"]
[Result "1-0"]
[WhiteElo "1748"]
[BlackElo "1382"]
[Annotator "NA RC"]
[PlyCount "77"]
[EventDate "2020.07.20"]
[EventType "swiss (blitz)"]

1. e4 {[%emt 0:00:01]} d6 {[%emt 0:00:03]} 2. Nf3 {[%emt 0:00:01]} Nf6 {[%emt 0:00:01]} 3. Nc3 {[%emt 0:00:02]} g6 {[%emt 0:00:01]} 4. d4 {[%emt 0:00:02]} Bg7 {[%emt 0:00:02]} 5. Bg5 {[%emt 0:00:03]} O-O {[%emt 0:00:02]} 6. e5 {[%emt 0:00:01]} dxe5 {[%emt 0:00:02]} 7. dxe5 {[%emt 0:00:01]} Qxd1+ {[%emt 0:00:02]} 8. Rxd1 {[%emt 0:00:02]} Ng4 {[%emt 0:00:05]} 9. Bxe7 {[%emt 0:00:03]} Re8 {[%emt 0:00:01]} 10. Bg5 {[%emt 0:00:30]} Nxe5 {[%emt 0:00:05]} 11. Nxe5 {[%emt 0:00:03]} Rxe5+ {[%emt 0:00:02]} 12. Be2 {[%emt 0:00:02]} Rxg5 {[%emt 0:00:04]} 13. Rd8+ {[%emt 0:00:02]} Bf8 {[%emt 0:00:03]} 14. Rxc8 {[%emt 0:00:01]} Kg7 {[%emt 0:00:10]} 15. O-O {[%emt 0:00:02]} Bd6 {[%emt 0:00:04]} 16. Ne4 {[%emt 0:00:04]} Re5 {[%emt 0:00:04]} 17. Nxd6 {[%emt 0:00:04]} cxd6 {[%emt 0:00:01]} 18. Bf3 {[%emt 0:00:02]} d5 {[%emt 0:00:04]} 19. c4 {[%emt 0:00:02]} dxc4 {[%emt 0:00:05]} 20. Bxb7 {[%emt 0:00:03]} Nc6 {[%emt 0:00:12]} 21. Bxa8 {[%emt 0:00:04]} Nd4 {[%emt 0:00:03]} 22. Rxc4 {[%emt 0:00:03]} Ne2+ {[%emt 0:00:04]} 23. Kh1 {[%emt 0:00:01]} h5 {[%emt 0:00:02]} 24. Bf3 {[%emt 0:00:05]} h4 {[%emt 0:00:11]} 25. Bxe2 {[%emt 0:00:01]} Rxe2 {[%emt 0:00:02]} 26. Rxh4 {[%emt 0:00:00]} g5 {[%emt 0:00:02]} 27. Rb4 {[%emt 0:00:02]} a5 {[%emt 0:00:05]} 28. Rb5 {[%emt 0:00:01]} a4 {[%emt 0:00:01]} 29. Rxg5+ {[%emt 0:00:01]} Kh6 {[%emt 0:00:03]} 30. Ra5 {[%emt 0:00:02]} Re4 {[%emt 0:00:03]} 31. h3 {[%emt 0:00:02]} Rb4 {[%emt 0:00:03]} 32. Rc1 {[%emt 0:00:02]} Rxb2 {[%emt 0:00:02]} 33. Rc6+ {[%emt 0:00:02]} Kg7 {[%emt 0:00:06]} 34. Rg5+ {[%emt 0:00:01]} Kf8 {[%emt 0:00:04]} 35. Rf5 {[%emt 0:00:05]} Rxa2 {[%emt 0:00:05]} 36. Rc7 {[%emt 0:00:02]} a3 {[%emt 0:00:05]} 37. Rfxf7+ {[%emt 0:00:02]} Ke8 {[%emt 0:00:02]} 38. Rh7 {[%emt 0:00:04]} Rxf2 {[%emt 0:00:02]} 39. Rc8# {[%emt 0:00:02] (Lag: Av=1.17s, max=3.2s)} 1-0

[Event "Stay Safe Play From Home 318"]
[Site "Emanuel Lasker Arena"]
[Date "2020.07.20"]
[Round "4"]
[White "Klasman"]
[Black "Weltszmerc"]
[Result "0-1"]
[WhiteElo "1501"]
[BlackElo "2069"]
[Annotator "TA"]
[PlyCount "54"]
[EventDate "2020.07.20"]
[EventType "swiss (blitz)"]

{[%evp 9,53,-8,-14,-9,28,22,24,11,12,18,29,-3,0,-36,-52,-48,-38,-136,-141,-292,-271,-256,-151,-223,-225,-409,-299,-577,-467,-770,-753,-835,-835,-826,-816,-926,-887,-1067,-832,-1249,-1234,-29995,-29995,-29999,-29996,-29999]} 1. f4 Nf6 2. Nf3 d5 3. Nc3 Bg4 4. e3 Nbd7 5. Be2 c6 6. d4 {[#] A03: Bird's Opening with 1...d5.} Ne4 $146 ({Predecessor:} 6... e6 7. a3 Be7 8. O-O O-O 9. h3 Bxf3 10. Bxf3 c5 11. Ne2 Rc8 12. c3 Ne4 13. Bxe4 dxe4 14. Ng3 f5 15. Qb3 Qb6 {½-½ (15) Goetz,H (2190)-Gebhardt,M (2155) Heimbach Weis 2014}) 7. Nxe4 dxe4 8. Nd2 {White has an edge.} Bxe2 9. Qxe2 f5 10. g4 e6 $1 11. c4 Qh4+ 12. Kd1 O-O-O 13. g5 (13. gxf5 $15 exf5 14. Kc2) 13... h6 $17 14. Rg1 $2 {Now White is beyond hope.} (14. g6 $17) 14... hxg5 $19 15. Rxg5 Qxh2 (15... c5 $19 {Threatens to win with ...cxd4.} 16. Nb3 {[#]} Ne5 $1 {[%mdl 576] Pin}) 16. Qxh2 (16. Rg2 $17 {might work better.} Qh5 17. Kc2) 16... Rxh2 17. Kc2 $2 (17. Nf1 Rh1 18. Ke2) 17... Nf6 18. a4 $2 (18. Kb1) 18... Ng4 {Hoping for ...Bb4.} 19. a5 (19. Kb1 $142 Nxe3 20. Rg3) 19... Nxe3+ 20. Kc3 Nd1+ 21. Kb3 Rxd4 22. a6 b6 23. Rg6 Kd7 24. Nf1 Rd3+ 25. Ka4 Rc2 {Black mates.} 26. b3 {[#]} Rxc1 $1 {[%mdl 64] Remove Defender} 27. Rxc1 Nb2# {Accuracy: White = 17%, Black = 75%.} 0-1

[Event "Stay Safe Play From Home 318"]
[Site "Emanuel Lasker Arena"]
[Date "2020.07.20"]
[Round "5"]
[White "Weltszmerc"]
[Black "Klausen"]
[Result "1-0"]
[WhiteElo "2070"]
[BlackElo "2060"]
[Annotator "TA"]
[PlyCount "95"]
[EventDate "2020.07.20"]
[EventType "swiss (blitz)"]

{[%evp 14,95,42,26,54,-78,-51,-92,-26,-28,-45,-33,0,10,105,-7,-3,-5,94,39,131,0,11,-52,0,0,0,0,87,79,87,79,78,78,124,115,126,134,108,105,143,139,301,279,607,583,1337,1135,844,837,29974,29976,29978,29977,29977,29976,29969,29971,29982,29979,29979,29980,29980,29981,29982,29983,29983,29984,29991,29980,29980,29979,29979,29979,29988,29989,29989,29990,29990,29991,29991,29992,29992,29991]} 1. d4 Nf6 2. c4 g6 3. Nc3 d5 4. Bf4 Bg7 5. e3 O-O 6. Qb3 c6 7. Nf3 dxc4 8. Bxc4 b5 {D93: Grünfeld: 4 Nf3 Bg7 5 Bf4 0-0 6 e3.} 9. Bxf7+ (9. Be2 $14 {keeps the upper hand.}) 9... Rxf7 $17 10. Ne5 {[%mdl 64] Pin} e6 (10... Qe8 $17) 11. Nxf7 $11 Kxf7 {[#]} 12. O-O $146 ({Predecessor:} 12. a4 Nbd7 13. axb5 c5 14. b6 Nxb6 15. dxc5 Nbd5 16. Be5 Qd7 17. O-O Qc6 18. Nb5 {0-1 (66) Bereczki,J (2149)-Horkai,A (2144) Hungary 2002}) 12... Nbd7 13. a4 $1 Nd5 (13... bxa4 $11 14. Qxa4 Qb6) 14. Ne4 (14. Nxd5 $1 $16 bxa4 15. Qxa4 cxd5 16. Rfc1) 14... Nxf4 15. exf4 {Strongly threatening Ng5+.} h6 (15... Nf8 $11) 16. axb5 (16. Nd6+ $16 Kg8 17. Qxe6+ Kh7 18. f5) 16... cxb5 (16... Nf6 $14 17. Nxf6 Bxf6) 17. Qxb5 (17. Nd6+ $16 Kg8 18. Qxe6+ Kh7 19. f5 (19. Nxb5 Nf8 $14)) 17... Qb6 18. Nc3 ({White should play} 18. d5 $11 Qxb5 19. Nd6+ {[%mdl 64] Double Attack} Kf8 20. Nxb5 exd5 21. Nc7) 18... Rb8 (18... Bxd4 $15 19. Qc4 Qc5 20. Qxc5 Bxc5) 19. Qxb6 Rxb6 20. Rxa7 Rxb2 (20... Ke7 $11 {remains equal.}) 21. Rc7 $16 Rb8 22. Ne4 {Black must now prevent Rxc8!} Ke7 23. Rfc1 $36 {[%mdl 2048] White is on the roll.} Bb7 24. Nc5 $1 Bc8 {[#]} 25. Nxe6 $1 Kxe6 26. Rxc8 Rxc8 27. Rxc8 Bxd4 $2 {[#] Loses the game.} (27... Bf6 $16 28. g4 Ke7) 28. Rc6+ $1 $18 Kf7 $2 (28... Kd5 29. Rxg6 Nf6 30. Rxh6 Bxf2+ 31. Kf1 Bd4) 29. Rd6 $1 {[%csl LRd4,LRd7][%mdl 64] Double Attack} Bxf2+ 30. Kxf2 {[%mdl 4096] Endgame KR-KN} Nf6 31. Ra6 g5 32. fxg5 {White mates.} hxg5 33. h3 Nd5 34. Kf3 Nf4 35. h4 Ne6 {[#]} 36. Rxe6 $1 Kxe6 {KPP-KP} 37. h5 Kf5 38. g4+ Kf6 39. Ke4 Ke6 40. Kd4 ({Stronger than} 40. h6 Kf6 $11) 40... Kd6 41. Kc4 Ke6 42. Kc5 Ke5 43. Kc6 Kf4 44. h6 Kxg4 45. h7 Kf3 46. h8=Q g4 47. Qh1+ Kf2 48. Qh2+ {Accuracy: White = 72%, Black = 40%.} 1-0